000 02740nam a2200229Ia 4500
003 Ost
005 20260507075631.0
008 260507s9999||||xx |||||||||||||| ||und||
040 _cfsecg
041 _aara
082 _a690
100 _aالجار الله، محمد بن ابراهيم
_eمؤلف
245 0 _aإدارة التشييد /
_c محمد بن ابراهيم الجار الله
260 _aالرياض:
_bجامعة الملك سعود,
_c2001
300 _a546 صفحة؛
_bإيضاحات ؛
_c24 سم
504 _aبيبليوغرافيا :ص.510
520 _aمقدمة عامة عن صناعة التشييد : طبيعة صناعة التشيد-تنظيم إدارة التشييد ودورها : الدورة التسويقي للإدارة-دراسة الجدوى من المشروعات وأهميتها : معنى دراسة الجدوى من المشروع : طريقة إعداد جدوى المشروع-العقود الهندسية : مقدمة عامة : أحكام أساسية تعاقدية-تقدير التكلفة في صناعة التشييد : تنظيم قسم التقديرات وتدريب منسوبيه-الضمانات المالية في صناعة التشييد : الغرض من الضمانات المالية : أسباب فشل المقاولين-تمويل المشروعات والعلاقات البنكية : مخاطر تمويل مشروعات التشييد-الضرائب والزكاة : أنظمة الضرائب وتعقيداتها : الاعمال المحاسبية الخاصة بالضرائب-إدارة المشتريات وتنظيمها : علاقة المشتريات بالبرمجة : تأثير المواصفات على عملية الشراء-القوى العاملة والعلاقات العمالية : الطبيعة الخاصة للعلاقات العمالية في صناعة التشييد-استخدام الحاسب الالي في صناعة التشييد واهميته : الخدمات التي يوفرها الحاسب الالي : لغات الحاسب : برمجة الحاسب-نظام مراقبة المشروع : أهمية نظام مراقبة المشروع في المراحل المختلفة-التسويق واستراتيجية تقديم المناقصات : تسويق خدمات التشييد وخصائصها-الاليات المستخدمة في صناعة التشييد وادارتها : الاستثجار ام الشراء-اتباع اصول السلامة في مشروعات التشييد : الحوادث اسبابها ووسائل تفاديها.
653 _aالبناء - إدارة
653 _aالمباني
653 _aهندسة الإنشاءات - إدارة
942 _cكتاب
999 _c45197
_d45197